00577nam a22000977a 4500040000800000082002700008100003900035245035500074260002600429300002400455 cRUA aVEM KHE 2025 B705 Or.1 aKHEN VITOU, ខេន វិទូ aCase Of Antibiotic Resistance Among Escherichia Coli Isolated From Piglets In Satr Pong Commune, Chhouk District, Kampot Province, ករណី Escherichia Coli ស៊ាំនឹងឳសថអង់ទីប៊ីយ៉ូទិកលើកូនជ្រូក នៅឃុំសត្វពង ស្រុកឈូក ខេត្តកំពត aPHNOM PENHbRUAc2025 ax,44p.bill.c29cm,